000 00479nam a2200181Ia 4500
005 20250508150806.0
008 008 250505s9999 xx 000 0 hin d
037 _aTextual
040 _aFEDL
_beng
_cFEDL
041 _ahin
_2eng
084 _a891.431, VER
_qFEDL
100 _aVerma Ramkumar
245 0 _aAadhunik kavi
260 _aPrayag, India
_bHindi Sahitya Sammelan
300 _a112p.
942 _cTEXL
_h891.431, VER
999 _c1325697
_d1325697